| 000 | 00533nas a22002057i 4500 | ||
|---|---|---|---|
| 999 |
_c5508 _d5508 |
||
| 001 | 5770 | ||
| 003 | OSt | ||
| 005 | 20181102121321.0 | ||
| 007 | tu | ||
| 008 | 161220c19279999a ||||| |||| 00| 0 ger d | ||
| 022 | _a0029-9898 | ||
| 024 | 7 |
_a5770 _2RID |
|
| 024 | 7 |
_a5770 _2RSN (alt) |
|
| 040 | _cOSt | ||
| 110 | 2 | _aÖsterreichisches Institut für Wirtschaftsforschung (WIFO) | |
| 245 | 0 | 0 | _aWIFO Monatsberichte |
| 260 |
_aWien : _bÖsterreichisches Institut für Wirtschaftsforschung (WIFO), _c1927- |
||
| 362 | _a1.1927- | ||
| 942 | _cJ | ||